| 000 | 01491nam a2200337Ia 4500 | ||
|---|---|---|---|
| 001 | ebr10040015 | ||
| 003 | CaPaEBR | ||
| 006 | m u | ||
| 007 | cr cn||||||||| | ||
| 008 | 001017s1999 dcua sb 000 0 eng d | ||
| 020 | _z9780911937855 | ||
| 040 |
_aCaPaEBR _cCaPaEBR |
||
| 035 | _a(OCoLC)551889008 | ||
| 050 | 1 | 4 |
_aKF3946.Z9 _bB74 1999eb |
| 100 | 1 | _aBreggin, Linda. | |
| 245 | 1 | 0 |
_aProtecting public health at Superfund sites _h[electronic resource] : _bcan institutional controls meet the challenge? / _c[Linda Breggin, John Pendergrass, and Jill van Berg]. |
| 260 |
_aWashington, DC : _bEnvironmental Law Institute, _c1999. |
||
| 300 |
_avi, 121 p. : _bill. |
||
| 490 | 1 | _aEnvironmental Law Institute research report | |
| 504 | _aIncludes bibliographical references. | ||
| 533 |
_aElectronic reproduction. _bPalo Alto, Calif. : _cebrary, _d2011. _nAvailable via World Wide Web. _nAccess may be limited to ebrary affiliated libraries. |
||
| 650 | 0 |
_aHazardous wastes _xLaw and legislation _zUnited States. |
|
| 650 | 0 |
_aLiability for hazardous substances pollution damages _zUnited States. |
|
| 655 | 7 |
_aElectronic books. _2local |
|
| 700 | 1 |
_aPendergrass, John, _d1954- |
|
| 700 | 1 | _aVan Berg, Jill. | |
| 710 | 2 | _aEnvironmental Law Institute. | |
| 710 | 2 | _aebrary, Inc. | |
| 830 | 0 | _aEnvironmental Law Institute research report. | |
| 856 | 4 | 0 |
_uhttp://site.ebrary.com/lib/rucke/Doc?id=10040015 _zAn electronic book accessible through the World Wide Web; click to view |
| 999 |
_c60021 _d60021 |
||